Pays qui exportent le plus de chocolat - Statistiques

Statistiques générales
  • Ce quiz a été pris 86 fois
  • Le résultat moyen est 12 sur 15
Statistiques - réponses
Pays Exports
(en milliers de $)
% % Correct
États Unis 2 139 232 4,9%
99%
France 1 908 886 4,4%
99%
Suisse 1 172 021 2,7%
98%
Italie 3 121 469 7,1%
91%
Allemagne 7 115 435 16,3%
90%
Espagne 833 311 1,9%
86%
Belgique 5 254 020 12,0%
85%
Russie 617 447 1,4%
84%
Pays Bas 2 832 964 6,5%
83%
Royaume Uni 1 195 588 2,7%
81%
Autriche 829 250 1,9%
79%
Canada 2 764 003 6,3%
79%
Pologne 3 261 899 7,5%
70%
Mexique 852 764 1,9%
62%
Turquie 947 112 2,2%
58%
Aucun quiz correspondant
Distribution des résultats
% des personnes avec chaque résultat
Percentile par nombre de réponses
Votre historique - résultats
Vous n’avez pas pris ce quiz